| 000 | 00996nac a22003497a 4500 | ||
|---|---|---|---|
| 001 | BR0402414 | ||
| 003 | BR-BrBNA | ||
| 005 | 20240105123011.0 | ||
| 008 | 230509b bl.|||m| |||| 00| 0 por d | ||
| 040 |
_aBR-BrBNA _bpor _cBiblioteca Nacional de Agricultura |
||
| 072 | _aE50; B50 | ||
| 090 | _a2120 BR0402414 | ||
| 100 | 1 | _aEncarnação, R. de O. | |
| 100 | 1 | _aLima, D.R. | |
| 110 | 1 | _aEMBRAPA Café, Brasília, DF (Brasil) | |
| 245 | 1 | _aCafé e saúde humana | |
| 260 | 3 |
_aBrasília, DF (Brasil): _c2003. |
|
| 300 | _a64 p. | ||
| 490 |
_aDocumentos - EMBRAPA Café (Brazil) _vno. 1 _xISSN 1678-1694 |
||
| 500 | _aSummaries (En, Es, Pt); Bibliography p. 57-64 | ||
| 650 | _aCAFÉ | ||
| 650 | _aCAFEÍNA | ||
| 650 | _aANTIOXIDANTE | ||
| 650 | _aBEBIDA NÃO ALCOÓLICA | ||
| 650 | _aCÁLCIO | ||
| 650 | _aVITAMINA | ||
| 650 | _aCONSUMO ALIMENTAR | ||
| 650 | _aSAÚDE | ||
| 650 | _aHISTÓRIA | ||
| 909 |
_a202312 _bLúcia Elande _c55 _dLúcia Elande |
||
| 942 |
_2AGRIS _n0 _cMS |
||
| 999 |
_c293594 _d293594 |
||